Women, poverty, and resources / (Record no. 386)
[ view plain ]
| 000 -LEADER | |
|---|---|
| fixed length control field | 00744cam a2200241 a 4500 |
| 001 - CONTROL NUMBER | |
| control field | 1037939 |
| 005 - DATE AND TIME OF LATEST TRANSACTION | |
| control field | 20240416063424.0 |
| 008 - FIXED-LENGTH DATA ELEMENTS--GENERAL INFORMATION | |
| fixed length control field | 890807s1989 ii b 001 0 eng |
| 020 ## - INTERNATIONAL STANDARD BOOK NUMBER | |
| ISBN | 0803996241 |
| 020 ## - INTERNATIONAL STANDARD BOOK NUMBER | |
| ISBN | 080399625X (pbk.) |
| 040 ## - CATALOGING SOURCE (பட்டியலாக்க மூலம்) | |
| Original cataloging agency | DLC |
| Transcribing agency | DLC |
| Modifying agency | DLC |
| 082 00 - DDC Classification | |
| Class No. | 307.72 |
| DDC Edition Number | 20 |
| Item Number - Author Mark | PON. |
| 100 1# - MAIN ENTRY--PERSONAL NAME | |
| Personal name | Wignaraja, Ponna. |
| 245 10 - TITLE STATEMENT | |
| Title | Women, poverty, and resources / |
| Statement of responsibility, etc. | Ponna Wignaraja. |
| 260 ## - PUBLICATION, DISTRIBUTION, ETC. | |
| Place of publication, distribution, etc. | New Delhi ; |
| Name of publisher, distributor, etc. | Sage Publications, |
| Date of publication, distribution, etc. | 1990. |
| 300 ## - PHYSICAL DESCRIPTION | |
| Extent (e.g. Volumes, Pages etc.) | 241 p. ; |
| 650 #0 - SUBJECT ADDED ENTRY--TOPICAL TERM | |
| Topical term or geographic name entry element | Women in rural development |
| 650 #0 - SUBJECT ADDED ENTRY--TOPICAL TERM | |
| Topical term or geographic name entry element | Poor women |
| 650 #0 - SUBJECT ADDED ENTRY--TOPICAL TERM | |
| Topical term or geographic name entry element | Rural development projects |
| 856 42 - ELECTRONIC LOCATION AND ACCESS | |
| Uniform Resource Identifier | <a href="http://www.loc.gov/catdir/enhancements/fy0657/89039055-d.html">http://www.loc.gov/catdir/enhancements/fy0657/89039055-d.html</a> |
| 856 41 - ELECTRONIC LOCATION AND ACCESS | |
| Uniform Resource Identifier | <a href="http://www.loc.gov/catdir/enhancements/fy0657/89039055-t.html">http://www.loc.gov/catdir/enhancements/fy0657/89039055-t.html</a> |
| 942 ## - Koha item type (Biblio) | |
| Koha item type | Books in Stacks (Lending) |
| Lost status | Damaged status | Collection code | Home library | Current library | Date acquired | Full call number | Accession Number | Item type |
|---|---|---|---|---|---|---|---|---|
| Lending | WERC Library | WERC Library | 02/14/2024 | 307.72 PON. | 5565 | Books in Stacks (Lending) |
